Cuốn theo chiều gió = Gone with the wind
Tác phẩm nói về cuộc chiến tranh Bắc - Nam trong quá trình thống nhất Hiệp chủng quốc Hoa Kỳ.
Bewaard in:
| Hoofdauteur: | |
|---|---|
| Formaat: | Boek |
| Taal: | Undetermined |
| Gepubliceerd in: |
Hà Nội
Văn học
1997
|
| Onderwerpen: | |
| Tags: |
Voeg label toe
Geen labels, Wees de eerste die dit record labelt!
|
| Thư viện lưu trữ: | Trung tâm Học liệu Trường Đại học Cần Thơ |
|---|
| LEADER | 00735nam a2200217Ia 4500 | ||
|---|---|---|---|
| 001 | CTU_20266 | ||
| 008 | 210402s9999 xx 000 0 und d | ||
| 082 | |a 813.52 | ||
| 082 | |b M681/T.2 | ||
| 100 | |a Mitchell, Margaret | ||
| 245 | 0 | |a Cuốn theo chiều gió | |
| 245 | 0 | |b = Gone with the wind | |
| 245 | 0 | |c Margaret Mitchell ; Dương Tường dịch | |
| 260 | |a Hà Nội | ||
| 260 | |b Văn học | ||
| 260 | |c 1997 | ||
| 520 | |a Tác phẩm nói về cuộc chiến tranh Bắc - Nam trong quá trình thống nhất Hiệp chủng quốc Hoa Kỳ. | ||
| 650 | |a American fiction | ||
| 650 | |y 20th century | ||
| 904 | |i Giang | ||
| 980 | |a Trung tâm Học liệu Trường Đại học Cần Thơ | ||